000 00916nam a22002297a 4500
003 OSt
005 20251020084719.0
008 251020b |||||||| |||| 00| 0 eng d
020 _a 978-1-4338-0561-5
040 _aDWC-Main lib.
_cOC
082 _2Sixth edition.
_aCirc. 808.06615 P976 2010
245 _aPublication manual of the American Psychological Association/
250 _aSixth edition.
260 _aWashington, D.C.
_b: American Psychological Association
_c, c2010.
300 _axviii, 272 pages ;
_c26 cm.
504 _aIncludes index, bibliographical references and appendix.
650 _a1. Psychology--Authorship--Style manuals.
650 _a2. Social sciences--Authorship--Style manuals.
650 _a3. Psychological literature--Publishing--Handbooks, manuals, etc.
650 _a4. Social science literature--Publishing--Handbooks, manuals, etc.
942 _2ddc
_cBK-CIRC
_kCirc.
_n0
999 _c4937
_d4937